Loading...

Samooham charithram samskaram /

Bibliographic Details
Main Author: Kurup, K. K. N.
Format: Printed Book
Language:Malayalam
Published: Kottayam : Poorna , 1989.
LEADER 00462nam a2200133Ia 4500
008 150624b xxu||||| |||| 00| | mal d
082 |a 954.83 
100 |a Kurup, K. K. N. 
245 |c K. K. N. Kurup  |a Samooham charithram samskaram / 
260 |a Kottayam :  |b Poorna ,  |c 1989. 
546 |a In Malayalam. 
942 |c BK 
999 |c 81029  |d 81029 
952 |0 0  |1 0  |4 1  |6 954_830000000000000_KUR_S_M  |7 0  |9 80973  |a UL  |b UL  |c ST2  |d 1998-08-28  |l 0  |o 954.83 KUR/S M  |p 60254  |r 2012-10-27  |w 2012-10-27  |y BK